000 00841nas a2200277 4500
001 BR9202212
003 BR-BrBNA
005 20231205092451.0
007 ta
008 230509b bl.|||p| |||| 00| 00por d
040 _aBR-BrBNA
_bpor
_cBiblioteca Nacional de Agricultura
041 _a(Pt)
072 _aF61
100 1 _aReis, M.F.
100 1 _aKrugner, T.L.
245 1 _aAvaliacao do efeito de fungos formadores de micorrizas vesicular-arbusculares no desenvolvimento de Eucalyptus grandis em condicoes de casa de vegetacao
650 _aEUCALIPTO
650 _aFUNGO
650 _aINOCULACAO
650 _aMICORRIZA
650 _aSIMBIOSE
650 _aADUBACAO
773 0 _tIPEF (Brazil)
_xISSN 0100-4557
_g(1990), (no. 43-44) p. 79-83
_wBR9202212
909 _a202311
_bLúcia
_c55
_dLúcia Elande
942 _2AGRIS
_n0
_cANA
999 _c131919
_d131919